| 000 | 00920naa a22002417u 4500 | ||
|---|---|---|---|
| 001 | 19202 | ||
| 003 | HDC | ||
| 007 | cr bn ---aaaaa | ||
| 008 | 210228t201202 xx 000 0 eng | ||
| 040 | _aHDC | ||
| 100 |
_aDALIA ISMAIL, _eauthor _916308 |
||
| 245 | 0 |
_aTechpark adalah kawasan perindustrian pertama mendapat pensijilan halal Perbadanan Pembangunan Industri Halal / _cby DALIA ISMAIL |
|
| 260 |
_a[No place] : _b[publisher not identified], _c[no year] |
||
| 336 |
_atext _2rdacontent |
||
| 337 |
_acomputer _2rdamedia |
||
| 338 |
_aonline resource _2rdacarrier |
||
| 650 |
_aHalal food industry _xCertification _zMalaysia _9405 |
||
| 650 |
_aTechnological innovations _9402 |
||
| 856 | _zRequest full-text at [email protected] | ||
| 942 | _2lcc | ||
| 942 | _cEIJ | ||
| 942 | _kEMAG 000845 | ||
| 999 |
_c16518 _d16518 |
||